000
00244nam a22001097a 4500
082
_a
720
100
_a
Study IQ
_9
81970
245
_a
Indian Art And Culture
260
_a
Delhi
_b
Study IQ
_c
2023
650
_a
Art And Culture
_9
67258
942
_c
BK
999
_c
66243
_d
66243